000 01993cam a22004337a 4500
003 CHAP
005 20220329133656.0
008 971013s1993 r 00010 d
010 _a9360
011 _a10332
035 _a9569
040 _cCHAP
082 _a630.83
_bM49c 1991 Son.
110 _aInstituto Nacional de Estadística, Geografía e Informática. México
_959304
245 0 _aCenso agropecuario, 1991 (7) : Sonora resultados definitivos
260 _aAguascalientes, Ags. :
_bINEGI,
_c1993-
300 _av.
500 _aLa biblioteca tiene: v.1 Censo ejidal. -- v.2 Censo agropecuario. -- v.3 Censo agrícola-ganadero.-- v.4 Panorama agropecuario
590 _aBATCH-UPD
_b10
_c20130110
_lUCH01
_h1657
590 _aBATCH-UPD
_b10
_c20130410
_lUCH01
_h1045
590 _aBATCH-UPD
_b10
_c20130914
_lUCH01
_h0707
590 _aCONVERSION
_b10
_c20130109
_lUCH01
_h1306
650 1 4 _aAgricultura
_xEstadisticas
_zSonora.
_91467
650 1 4 _aBosques
_xSonora.
_914393
650 1 4 _aEjidos
_xSonora.
_936030
650 1 4 _aGanadería
_xEstadísticas
_zSonora.
_944726
650 1 4 _aMaquinaria agrícola
_xEstadísticas.
_971170
650 1 4 _aProductos agrícolas
_xEstadísticas.
_991939
650 1 4 _aProductos pecuarios
_xEstadísticas.
_992167
901 _aBK
942 _cLIBRO
949 _a630.83 M49c 1991 Son.
_bBC
_cINEGI
_d33724000536868
_eINEGI
_fv.1
_gI. c/e
_h85804
_i9569
_si
949 _a630.83 M49c 1991 Son.
_bBC
_cINEGI
_d33724000537205
_eINEGI
_fv.4
_gI. c/e
_h88207
_i9569
_sb
949 _a630.83 M49c 1991 Son.
_bBC
_cINEGI
_d33724000566675
_eINEGI
_fv.1 c.2
_gI. c/e
_h85805
_i9569
_si
949 _a630.83 M49c 1991 Son.
_bBC
_cINEGI
_d33724000566907
_eINEGI
_fv.1 c.3
_gI. c/e
_h85806
_i9569
_si
949 _a630.83 M49c 1991 Son.
_bBC
_cINEGI
_d33724000608972
_eINEGI
_fv.3 Pte.1
_h87514
_i9569
_si
949 _a630.83 M49c 1991 Son.
_bBC
_cINEGI
_d33724000608998
_eINEGI
_fv.3 Pte.2
_h87515
_i9569
_si
949 _a630.83 M49c 1991 Son.
_bBC
_cINEGI
_d33724000731113
_eINEGI
_fv.2
_h87513
_i9569
_si
999 _c9360
_d9360